| 000 | 00418nam a2200157 i 4500 | ||
|---|---|---|---|
| 001 | 90733 | ||
| 003 | ES-MaACL | ||
| 005 | 20230906180539.0 | ||
| 007 | t| | ||
| 008 | 050124s1970 sp ||||1| spa d | ||
| 100 | 1 |
_aLeiras Pulpeiro, Manuel. _971388 |
|
| 245 | 1 | 0 |
_aObra completa / _cManuel Leiras Pulpeiro. |
| 260 |
_a[Vigo : _bGalaxia, _c1970] |
||
| 300 |
_a453 p. ; _c23 cm. |
||
| 852 |
_aES-MaACL _jC-38180 _bR.74486 |
||
| 999 |
_c90733 _d90733 |
||